000 00348nam a2200121Ia 4500
008 220217s9999||||xx |||||||||||||| ||und||
082 _a621.382 MIT
100 _aMitchel, William
_91937
245 0 _aTelecommunications: systems and applications
260 _aJacob publishing
_bBangalore
_c1995
300 _b140
650 _aTELECOMMUNICATION
999 _c167830
_d167830